Sampling techniques (Record no. 40607)

MARC details
000 -LEADER
fixed length control field 00368nam a2200157Ia 4500
082 ## - DEWEY DECIMAL CLASSIFICATION NUMBER
Item number COC
100 ## - MAIN ENTRY--AUTHOR NAME
Personal name Cochran, William
245 #0 - TITLE STATEMENT
Title Sampling techniques
250 ## - EDITION STATEMENT
Edition statement Ed.3
260 ## - PUBLICATION, DISTRIBUTION, ETC. (IMPRINT)
Place of publication Delhi
Name of publisher Wiley Eastern
Year of publication 1990
650 ## - SUBJECT ADDED ENTRY--TOPICAL TERM
Topical Term Random sampling
650 ## - SUBJECT ADDED ENTRY--TOPICAL TERM
Topical Term Regression estimation
700 ## - ADDED ENTRY--PERSONAL NAME
Personal name G
942 ## - ADDED ENTRY ELEMENTS (KOHA)
Koha item type Books
Holdings
Withdrawn status Lost status Damaged status Not for loan Home library Current library Date acquired Cost, normal purchase price Full call number Accession Number Koha item type
        RRII Library RRII Library 16/12/2021 60.00 COC 20905 Books